000 01224nam a2200229 a 4500
008 190612s2017 ||||||||||||||||| || u
020 _a9780323377133
050 _aRL 105 Hal
100 _aHall, Brian J
245 1 0 _aDiagnostic pathology: nonneoplastic dermatopathology. (2nd edition)
_cBy Brian J. Hall, Clay J. Cockerell
250 _a2nd edition
260 _aPhiladelphia
_bElsevier
_c2017
300 _axxi, 701 pages : illustrations
350 _a213.74
650 _aSKIN--DISEASES--DIAGNOSIS--HANDBOOKS, MANUALS, ETC
650 _aSKIN DISEASES--PATHOLOGY--ATLASES
650 _aSKIN DISEASES--DIAGNOSIS--ATLASES
700 _aCockerell, Clay J
995 _aMEDICAL LIBRARY OPEN ACCESS
_e904128
_FCBU-SCHOOL OF MEDICINE LIBRARY (Ndola)
_I213.74
_jRL 105 Hal
_M3
_UAVAILABLE
_WJun 13, 2019
_y904128
_ZMedical Library Open Access Collection
995 _aMEDICAL LIBRARY OPEN ACCESS
_e904126
_FCBU-SCHOOL OF MEDICINE LIBRARY (Ndola)
_I213.74
_jRL 105 Hal
_M1
_UAVAILABLE
_WJun 13, 2019
_y904126
_ZMedical Library Open Access Collection
995 _aMEDICAL LIBRARY OPEN ACCESS
_e904127
_FCBU-SCHOOL OF MEDICINE LIBRARY (Ndola)
_I213.74
_jRL 105 Hal
_M2
_UAVAILABLE
_WJun 13, 2019
_y904127
_ZMedical Library Open Access Collection
999 _c63789
_d63789